Statistiques concernant Current NHL Captains (October 2022)

Cliquez ici pour prendre le quiz!

Statistiques générales

  • Ce quiz a été pris 390 fois
  • Le résultat moyen est 16 sur 32

Statistiques - réponses

HintRéponse% Correct
PittsburghSidney Crosby
87%
EdmontonConnor McDavid
86%
WashingtonAlexander Ovechkin
83%
MontrealNick Suzuki
81%
BostonPatrice Bergeron
80%
Tampa BaySteven Stamkos
75%
Los AngelesAnze Kopitar
71%
TorontoJohn Tavares
70%
ChicagoJonathan Toews
68%
NashvilleRoman Josi
66%
DallasJamie Benn
65%
FloridaAleksander Barkov
64%
ColoradoGabriel Landeskog
59%
DetroitDylan Larkin
56%
Las VegasMark Stone
55%
OttawaBrady Tkachuk
51%
New Jersey
Nico Hischier
50%
New York (Rangers)Jacob Trouba
48%
New York (Islanders)
Anders Lee
46%
San JoseLogan Couture
42%
CarolinaJordan Staal
39%
St LouisRyan O'Reilly
36%
BuffaloKyle Okposo
33%
VancouverBo Horvat
32%
ColumbusBoone Jenner
31%
MinnesotaJared Spurgeon
31%
AnaheimNobody
17%
SeattleNobody
17%
PhiladephiaNobody
17%
ArizonaNobody
17%
CalgaryNobody
17%
WinnipegNobody
17%

Distribution des résultats

Percentile par nombre de réponses

% des personnes avec chaque résultat

Votre développement - résultats

Vous n’avez pas pris ce quiz